000 00205 a2200097 4500
001 823
100 _aHenney,K
245 _aElectronic components handbook
260 _a
_bMcgrawhill
_c
090 _c415
_d415
942 _aNUST-CAE
_cM
_c30434
999 _c235896
_d235896